Statystyki dla Państwa powyżej 70 milionów mieszkańców

Kliknij tutaj aby rozwiązać quiz!

Ogólne statystyki

  • Ten quiz został rozwiązany 146 razy
  • Średni wynik to 15 z 19

Statystyki odpowiedzi

NumerLudnośćPaństwo% Poprawnych
11 401 585 247Chiny
99%
21 359 527 236Indie
97%
3329 256 465Stany Zjednoczone
97%
9142 122 776Rosja
95%
5208 846 892Brazylia
92%
10126 168 156Japonia
88%
1980 457 737Niemcy
87%
11125 959 205Meksyk
85%
7203 452 505Nigeria
83%
4262 787 403Indonezja
82%
1499 413 317Egipt
80%
6207 862 518Pakistan
75%
1783 024 745Iran
70%
1881 257 239Turcja
70%
1685 281 024Demokratyczna Republika Konga
68%
8159 453 001Bangladesz
65%
13105 893 381Filipiny
65%
1597 040 334Wietnam
57%
12108 386 391Etiopia
54%

Rozkład punktacji

Percentyl według liczby udzielonych odpowiedzi

Procent ludzi z każdym wynikiem

Twoja historia wyników

Nie rozwiązałeś tego quizu